Pays les plus nordiques du monde - Statistiques

Statistiques générales
  • Ce quiz a été pris 117 fois
  • Le résultat moyen est 13 sur 15
Statistiques - réponses
Positions Réponse % Correct
4 Russie
100%
7 Suède
100%
🥉 Norvège
99%
🥇 Canada
98%
🥈 Danemark
97%
8 Finlande
97%
6 Islande
97%
5 États unis
92%
10 Royaume-Uni
92%
11 Irlande
82%
13 Allemagne
76%
15 Pays bas
76%
12 Pologne
74%
14 Belgique
66%
9 Chine
62%
Aucun quiz correspondant
Distribution des résultats
% des personnes avec chaque résultat
Percentile par nombre de réponses
Votre historique - résultats
Vous n’avez pas pris ce quiz